A társadalmi képesség fogalma és típusai - I. rész
Elmentve itt :
| Szerző: | |
|---|---|
| Adatforrás: | Philobibl |
| Forrásdokumentuma: | Társadalomkutatás 2009:3. p. 319-345. |
| Dokumentumtípus: | Cikk |
| Nyelv: | magyar |
| Kulcsszavak: | cselekvés társadalomelmélet társadalmi képesség |
| LEADER | 00413nab a2200133 c 4500 | ||
|---|---|---|---|
| 001 | bibPHI0040274 | ||
| 005 | 20200924124315.3 | ||
| 008 | 101125s2009 hu hun | ||
| 100 | 1 | |a Farkas Zoltán | |
| 245 | 1 | 2 | |a A társadalmi képesség fogalma és típusai - I. rész |c Farkas Zoltán |
| 695 | |a cselekvés | ||
| 695 | |a társadalomelmélet | ||
| 695 | |a társadalmi képesség | ||
| 773 | 0 | |t Társadalomkutatás |g 2009:3. p. 319-345. | |